Fastest Growing European Economies - Statistics

General Stats
  • This quiz has been taken 32 times
  • The average score is 8 of 12
Answer Stats
GDP Growth Rate Country GDP % Correct
+3.2% Poland $980 Billion
96%
+3.5% Serbia $92.6 Billion
91%
+3.1% Croatia $99 Billion
87%
+3.2% North Macedonia $17.9 Billion
87%
+3.8% Albania $28.4 Billion
83%
+3.2% Montenegro $8.56 Billion
74%
+2.8% Bosnia & Herzegovina $28.8 Billion
70%
+4% Kosovo $11.3 Billion
70%
+2.8% Lithuania $89.2 Billion
52%
+2.8% Belarus $71.6 Billion
48%
+2.9% Denmark $450 Billion
48%
+3.9% Malta $25.8 Billion
43%
No matching quizzes found
Score Distribution
Percent of People with Each Score
Percentile by Number Answered
Your Score History
You have not taken this quiz